1638 1361 1529 1291 1277 1914 1466 1000 1118 1967 1073 1602 1867 1786 1530 1080 1453 1192 1032 1255 1872 1045 1632 1621 1931 1478 1269 1221 1541 1079 1691 1238 1602 1126 1914 1944 1551 1122 1035 1934 1332 1971 1491 1737 1199 1103 1977 1034 1771 1212 1543 1469 1145 1277 1335 1147 1623 1268 1309 1146 1821 1398 1590 1376 1594 1045 1745 1230 1105 1071 1719 1107 1335 1454 1379 1152 1850 1999 1984 1801 1963 1714 1359 1598 1452 1905 1888 1511 1386 1868 1566 1967 1571 1855 1339 1132 1501 1010 1791 BCNSPRNW ULIB Ver.6.0+V

เปลี่ยนเป็นภาษาไทย

Change to English
 แสดงรายละเอียดบรรณานุกรม
  กลับหน้าหลัก

Brief Record : Get Marc (ISO 2709) : E-mail record : QR code < ปิดหน้าต่าง
LEADER : 00000nam 2200000uu 4500
001    13399111831
003     ULIB
008    110627s2550||||th 000 0 tha d
020    9789747503074
090    นว.^bย213ห 2550
100 0  Yayoi
245 00 หนึ่งจันทร์กลางใจ/^cYayoi
250    พิมพ์ครั้งที่ 1
260    กรุงเทพฯ :^bแจ่มใส,^c2550
300    477 หน้า
710 1  แจ่มใส
945    ^p279^l0^i020193
995    ทศพร
999 ^a ใช้งานได้ทุกระบบ
รายการนี้ยังไม่มีแท็ก
คุณยังไม่ได้ล็อกอิน คุณสามารถมีกิจกรรมร่วมกับเว็บไซต์ได้ แต่ต้องล็อกอินก่อน ::
  ล็อกอิน

รายการสื่อสารสนเทศ

ลำดับที่ ประเภท เลขเรียก/บาร์โค้ด สถานที่ สถานะ
- ไม่พบข้อมูล -

รายการใกล้เคียง
    ผู้แต่ง [Yayoi]

BibComment


ยังไม่เคยถูกคอมเมนท์

คอมเมนท์ทรัพยากรรายการนี้
  คอมเมนท์: หนึ่งจันทร์กลางใจ..


 Copyright 2026. Bcnsprnw @Library